000 00337nam a2200157Ia 4500
003 Ost
005 20260225132552.0
008 260225s9999||||xx |||||||||||||| ||und||
040 _cfsic
041 _afre
082 _a440
100 _ajean Déjeux
_eAuteur
245 0 _aBibliographie /
245 0 _cjean Déjeux
942 _cكتاب
999 _c34218
_d34218